|
|
|
|
| LEADER |
00000nam0a2200000 4500 |
| 001 |
105110 |
| 005 |
20231031114312.0 |
| 035 |
|
|
|a (RuTPU)RU\TPU\book\113367
|
| 090 |
|
|
|a 105110
|
| 100 |
|
|
|a 20061113d2006 k y0rusy50 ca
|
| 101 |
0 |
|
|a rus
|
| 102 |
|
|
|a RU
|
| 105 |
|
|
|a a dm 001zy
|
| 200 |
1 |
|
|a Биотехническая система экспресс-оценки процесса оседания эритроцитов в микрообъемах
|e автореферат диссертации на соискание ученой степени кандидата технических наук
|e спец. 05.11.17
|f А. А. Аристов
|g Томский политехнический университет; Сибирский государственный медицинский университет; науч. рук. Я. С. Пеккер; науч. конс. Н. В. Рязанцева
|
| 210 |
|
|
|a Томск
|c [Б. и.]
|d 2006
|
| 215 |
|
|
|a 19 с.
|c ил.
|
| 300 |
|
|
|a Защита сост. 19.09.2006 г.
|
| 320 |
|
|
|a Библиогр.: с. 18-19 (19 назв.).
|
| 452 |
|
1 |
|0 (RuTPU)RU\TPU\book\114425
|t Биотехническая система экспресс-оценки процесса оседания эритроцитов в микрообъемах
|o автореферат диссертации на соискание ученой степени кандидата технических наук:
|f А. А. Аристов
|g Томский политехнический университет; Сибирский государственный медицинский университет; науч. рук. Я. С. Пеккер; науч. конс. Н. В. Рязанцева
|c Томск
|n Б.и.
|d 2006
|a Аристов, Александр Александрович
|
| 610 |
1 |
|
|a медицина
|
| 610 |
1 |
|
|a кровь
|
| 610 |
1 |
|
|a лабораторные анализы
|
| 610 |
1 |
|
|a кровяные клетки
|
| 610 |
1 |
|
|a капельные пробы
|
| 610 |
1 |
|
|a эритроциты
|
| 610 |
1 |
|
|a оседание
|
| 610 |
1 |
|
|a агрегация
|
| 610 |
1 |
|
|a оценка
|
| 610 |
1 |
|
|a фотометрический подход
|
| 610 |
1 |
|
|a экспериментальные установки
|
| 610 |
1 |
|
|a конструкция
|
| 610 |
1 |
|
|a технические испытания
|
| 610 |
1 |
|
|a экспериментальные исследования
|
| 610 |
1 |
|
|a авторефераты диссертаций
|
| 675 |
|
|
|a 612.1(04)
|v 3
|
| 686 |
|
|
|a 05.11.17
|2 oksvnk
|
| 700 |
|
1 |
|a Аристов
|b А. А.
|g Александр Александрович
|
| 702 |
|
1 |
|a Пеккер
|b Я. С.
|g Яков Семенович
|4 727
|
| 702 |
|
1 |
|a Рязанцева
|b Н. В.
|g Наталья Владимировна
|4 695
|
| 712 |
0 |
2 |
|a Томский политехнический университет
|z 1991-
|2 stltpush
|3 (RuTPU)RU\TPU\col\376
|
| 712 |
0 |
2 |
|a Сибирский государственный медицинский университет
|2 stltpush
|3 (RuTPU)RU\TPU\col\1642
|
| 801 |
|
1 |
|a RU
|b 63413507
|c 20061113
|g PSBO
|
| 801 |
|
2 |
|a RU
|b 63413507
|c 20061213
|g PSBO
|
| 942 |
|
|
|c BK
|